000 00850cad a22001815a 4500
001 E151973
008 110117n xxk f 000 0 eng d
035 _a(Sirsi) u151973
041 0 _aeng
110 2 _aChartered Institute of Building
_92134
245 0 0 _aCrime in the construction industry
_h[electronic resource]
260 _aAscot
_bCIOB
_c[200?]
520 _aPresents the results of research into the scale and impact of crime on the construction industry. Looks at the main areas of concern for senior level construction workers, including theft and nglect of health and safety.
651 4 _aUnited Kingdom
_y
690 _aConstruction management
_96230
856 4 0 _uhttps://www.ciob.org.uk/sites/ciob.org.uk/files/Crime%20in%20the%20Construction%20Industry.pdf
_zView the survey free of charge (PDF file) at www.ciob.org.uk
942 _n0
999 _c111769
_d111769